header

The making of theatrical reputations (Record no. 34594)

MARC details
000 -LEADER
fixed length control field 01321nam a2200313Ia 4500
100 1# - MAIN ENTRY--AUTHOR NAME
Personal name Zarhy-Levo, Yael,
245 14 - TITLE STATEMENT
Title The making of theatrical reputations
260 ## - PUBLICATION, DISTRIBUTION, ETC. (IMPRINT)
Place of publication Iowa City, IA :
Name of publisher University of Iowa Press,
Year of publication c2008.
300 ## - PHYSICAL DESCRIPTION
Number of Pages x, 290 p. :
Other physical details ill.
490 1# - SERIES STATEMENT
Series statement Studies in theatre history and culture
650 #0 - SUBJECT ADDED ENTRY--TOPICAL TERM
Topical Term Theater
Topical Term Dramatic criticism
856 40 - ELECTRONIC LOCATION AND ACCESS
Uniform Resource Identifier http://site.ebrary.com/lib/rucke/Doc?id=10354598

No items available.

© 2026 Rongo University
Contact us: librarian | system librarian | Rongo university